| 000 | 00671nam a2200229 a 4500 | ||
|---|---|---|---|
| 001 | BS0003085 | ||
| 003 | BR-BrBNA | ||
| 005 | 20230418192220.0 | ||
| 008 | 230308b |||||||| |||| 00| 0 por d | ||
| 040 |
_aBR-BrBNA _bpor _cBiblioteca Nacional de Agricultura |
||
| 041 | _apor | ||
| 072 | _aS03 | ||
| 090 | _aS03 BS0003085 | ||
| 100 | 1 | _aKrauss, Lawrence M. | |
| 245 | 1 | _aA Física das Jornadas nas Estrelas / | |
| 260 | 3 |
_aSão Paulo, SP.: _bMakron Books., _c1996. |
|
| 300 | _a151 p. | ||
| 500 | _aTitulo Original: The physics of Star Trek. Tradução de Eduardo Teixera Nunes.. | ||
| 650 | _aCIÊNCIAS | ||
| 909 |
_a202304 _bSergio Santos _c56 _dSergio Santos |
||
| 942 | _cBK | ||
| 999 |
_c8147 _d8147 |
||